NBA Playoffs Since 1980 - Statistics

General Stats
  • This quiz has been taken 290 times
    250 since last reset
  • The average score is 50 of 65
Answer Stats
Answer % Correct
Cleveland Cavaliers
98%
Golden State Warriors
98%
LeBron James
98%
Los Angeles Lakers
98%
San Antonio Spurs
97%
Toronto Raptors
97%
Boston Celtics
96%
Detroit Pistons
96%
Miami Heat
96%
Chicago Bulls
95%
Kobe Bryant
95%
Larry Bird
95%
Magic Johnson
95%
Michael Jordan
95%
Dallas Mavericks
94%
Houston Rockets
94%
Kevin Durant
94%
Shaquille O'Neal
94%
Tim Duncan
94%
Kawhi Leonard
93%
Dirk Nowitzki
92%
Dwyane Wade
91%
Hakeem Olajuwon
91%
Kareem Abdul-Jabbar
91%
Philadelphia 76ers
90%
Tony Parker
90%
Karl Malone
89%
Andre Iguodala
88%
Anthony Davis
88%
Moses Malone
88%
Paul Pierce
88%
Isiah Thomas
87%
Julius Erving
86%
Chauncey Billups
84%
Dennis Rodman
83%
Draymond Green
82%
Kevin Garnett
81%
Klay Thompson
80%
Kevin Johnson
79%
Avery Johnson
78%
James Worthy
78%
Pau Gasol
77%
John Stockton
76%
Jason Kidd
75%
Joe Dumars
74%
Ben Wallace
72%
Rajon Rondo
69%
Allen Iverson
67%
Kevin Love
67%
Steve Nash
67%
Robert Parish
65%
Charles Barkley
63%
Dwight Howard
58%
Patrick Ewing
57%
Russell Westbrook
55%
Bill Laimbeer
51%
Tyson Chandler
50%
Cedric Maxwell
49%
Dikembe Mutombo
44%
Horace Grant
38%
Penny Hardaway
37%
Mark Jackson
35%
Maurice Cheeks
33%
Latrell Sprewell
30%
Caldwell Jones
28%
No matching quizzes found
Score Distribution
Percent of People with Each Score
Percentile by Number Answered
Your Score History
You have not taken this quiz since the last reset